000 00875nam a2200253 4500
001 0000015376
005 20250329172015.0
007 ta
008 160627s1994 000 0 eng d
020 _a8475836658
040 _aCO-CtgCURN
_bspa
_ccoctgcurn
082 0 _aR940
_bM17e
100 1 _aMatthew, Donald.
245 1 0 _aEuropa medieval :
_braices de la cultura moderna /
_cDonald Matthew.
260 1 _aBarcelona : :
_bFolio,,
_c1994.
300 _a2 v.
490 1 _aAtlas culturales del mundo
500 _aIncluye bibliografia e indice.
505 8 _av.1 Egipto dioses templos y faraones.--v 2.--Roma legado de un imperio.--Europa medieval raices de la cultura moderna
651 0 _aEuropa
_vHistoria
_xDicciónarios.
908 _a160627
942 _cREF
_hR940
_iM17e
999 _c7188
_d7188